Formula One World Champions and their Team by year - Statistics

General Stats
  • This quiz has been taken 37 times
    5 since last reset
  • The average score is 124 of 152
Answer Stats
Hint Answer % Correct
1993 Alain Prost
100%
1989 Alain Prost
100%
1986 Alain Prost
100%
1953 Alberto Ascari
100%
1952 Alberto Ascari
100%
1991 Ayrton Senna
100%
1990 Ayrton Senna
100%
1988 Ayrton Senna
100%
1995 Benetton
100%
1994 Benetton
100%
2009 Brawn
100%
1996 Damon Hill
100%
2006 Fernando Alonso
100%
2005 Fernando Alonso
100%
2007 Ferrari
100%
2004 Ferrari
100%
2003 Ferrari
100%
2002 Ferrari
100%
2001 Ferrari
100%
2000 Ferrari
100%
1950 Giuseppe Farina
100%
1997 Jacques Villeneuve
100%
2009 Jenson Button
100%
1954 Juan Manuel Fangio
100%
1951 Juan Manuel Fangio
100%
2007 Kimi Räikkönen
100%
2025 Lando Norris
100%
2020 Lewis Hamilton
100%
2019 Lewis Hamilton
100%
2018 Lewis Hamilton
100%
2017 Lewis Hamilton
100%
2015 Lewis Hamilton
100%
2014 Lewis Hamilton
100%
2008 Lewis Hamilton
100%
2024 Max Verstappen
100%
2023 Max Verstappen
100%
2022 Max Verstappen
100%
2021 Max Verstappen
100%
2025 McLaren
100%
2008 McLaren
100%
1999 McLaren
100%
1998 McLaren
100%
1991 McLaren
100%
1990 McLaren
100%
1989 McLaren
100%
1988 McLaren
100%
1986 McLaren
100%
1984 McLaren
100%
2020 Mercedes
100%
2019 Mercedes
100%
2018 Mercedes
100%
2017 Mercedes
100%
2016 Mercedes
100%
2015 Mercedes
100%
2014 Mercedes
100%
2004 Michael Schumacher
100%
2003 Michael Schumacher
100%
2002 Michael Schumacher
100%
2001 Michael Schumacher
100%
2000 Michael Schumacher
100%
1995 Michael Schumacher
100%
1994 Michael Schumacher
100%
1999 Mika Häkkinen
100%
1998 Mika Häkkinen
100%
1987 Nelson Piquet
100%
2016 Nico Rosberg
100%
1992 Nigel Mansell
100%
1984 Niki Lauda
100%
2024 Red Bull
100%
2023 Red Bull
100%
2022 Red Bull
100%
2021 Red Bull
100%
2013 Red Bull
100%
2012 Red Bull
100%
2011 Red Bull
100%
2010 Red Bull
100%
2006 Renault
100%
2005 Renault
100%
2013 Sebastian Vettel
100%
2012 Sebastian Vettel
100%
2011 Sebastian Vettel
100%
2010 Sebastian Vettel
100%
1997 Williams
100%
1996 Williams
100%
1993 Williams
100%
1992 Williams
100%
1987 Williams
100%
1985 Alain Prost
67%
1980 Alan Jones
67%
1983 Brabham
67%
1981 Brabham
67%
1967 Brabham
67%
1966 Brabham
67%
1967 Denis Hulme
67%
1974 Emerson Fittipaldi
67%
1972 Emerson Fittipaldi
67%
1979 Ferrari
67%
1977 Ferrari
67%
1975 Ferrari
67%
1964 Ferrari
67%
1953 Ferrari
67%
1952 Ferrari
67%
1968 Graham Hill
67%
1962 Graham Hill
67%
1966 Jack Brabham
67%
1973 Jackie Stewart
67%
1971 Jackie Stewart
67%
1969 Jackie Stewart
67%
1976 James Hunt
67%
1965 Jim Clark
67%
1963 Jim Clark
67%
1970 Jochen Rindt
67%
1979 Jody Scheckter
67%
1964 John Surtees
67%
1957 Juan Manuel Fangio
67%
1956 Juan Manuel Fangio
67%
1955 Juan Manuel Fangio
67%
1982 Keke Rosberg
67%
1978 Lotus
67%
1972 Lotus
67%
1970 Lotus
67%
1968 Lotus
67%
1965 Lotus
67%
1963 Lotus
67%
1978 Mario Andretti
67%
1969 Matra
67%
1985 McLaren
67%
1976 McLaren
67%
1974 McLaren
67%
1958 Mike Hawthorn
67%
1983 Nelson Piquet
67%
1981 Nelson Piquet
67%
1977 Niki Lauda
67%
1975 Niki Lauda
67%
1961 Phil Hill
67%
1973 Tyrrell
67%
1971 Tyrrell
67%
1982 Williams
67%
1980 Williams
67%
1962 BRM
33%
1960 Cooper
33%
1959 Cooper
33%
1961 Ferrari
33%
1958 Ferrari
33%
1956 Ferrari
33%
1960 Jack Brabham
33%
1959 Jack Brabham
33%
1951 Alfa Romeo
0%
1950 Alfa Romeo
0%
1957 Maserati
0%
1954 Maserati | Mercedes
0%
1955 Mercedes
0%
No matching quizzes found
Score Distribution
Percent of People with Each Score
Percentile by Number Answered
Your Score History
You have not taken this quiz since the last reset